000 00310nam a22001217a 4500
005 20230823142534.0
008 230823b |||||||| |||| 00| 0 eng d
022 _a9770972535008
245 _aCASE FOLIO: The IUP Journal of management case studies
260 _aHYDERABAD
_bIUP
300 _a73;p
942 _cJRL
999 _c8412
_d8410